[Event "HUN-chT1 Maroczy 2324"]
[Site "Hungary"]
[Date "2024.03.10"]
[Round "8.1"]
[White "Hajnal, Zoltan"]
[Black "Berebora, Ferenc"]
[Result "1/2-1/2"]
[WhiteElo "2381"]
[BlackElo "2388"]
[PlyCount "30"]
[EventDate "2023.10.08"]
[EventType "team-tourn"]
[EventRounds "11"]
[EventCountry "HUN"]
[SourceTitle "EXT 2025"]
[Source "ChessBase"]
[SourceDate "2024.10.14"]
[SourceVersion "1"]
[SourceVersionDate "2024.10.14"]
[SourceQuality "1"]
[WhiteTeam "DVTK EMSE"]
[BlackTeam "Kisujszallas"]
[WhiteTeamCountry "HUN"]
[BlackTeamCountry "HUN"]

1. e4 e5 2. Nf3 Nc6 3. Bb5 a6 4. Ba4 Nf6 5. 0-0 Be7 6. Bxc6 dxc6 7. d3 Nd7 8. Nbd2 0-0 9. Nc4 f6 10. h3 Re8 11. Nh2 Nf8 12. f4 exf4 13. Bxf4 Be6 14. b3 Bc5+ 15. Be3 Bd4 1/2-1/2

[Event "Oberliga Ost-B 2324"]
[Site "Germany"]
[Date "2024.01.14"]
[Round "5.2"]
[White "Berebora, Ferenc"]
[Black "Lesny, Florian"]
[Result "1/2-1/2"]
[WhiteElo "2398"]
[BlackElo "2207"]
[PlyCount "49"]
[EventDate "2023.10.22"]
[EventType "team-tourn"]
[EventRounds "11"]
[EventCountry "GER"]
[SourceTitle "EXT 2025"]
[Source "ChessBase"]
[SourceDate "2024.10.14"]
[SourceVersion "1"]
[SourceVersionDate "2024.10.14"]
[SourceQuality "1"]
[WhiteTeam "Eppstein"]
[BlackTeam "Bad Homburg"]
[WhiteTeamCountry "GER"]
[BlackTeamCountry "GER"]

1. c4 e6 2. Nc3 d5 3. d4 Nf6 4. Bg5 Be7 5. e3 h6 6. Bh4 0-0 7. Nf3 b6 8. Be2 dxc4 9. Bxc4 Bb7 10. 0-0 a6 11. Qe2 b5 12. Bd3 Nbd7 13. Rfd1 Qc8 14. e4 c5 15. Bxf6 Bxf6 16. e5 Be7 17. Be4 Bxe4 18. Qxe4 cxd4 19. Qxd4 Nc5 20. Ne4 Nxe4 21. Qxe4 Qb8 22. Rd7 Ra7 23. Rad1 Rc8 24. g3 Qb6 25. Rxa7 1/2-1/2

[Event "HUN-chT2 Toth 2122"]
[Site "Hungary"]
[Date "2021.10.31"]
[Round "2.1"]
[White "Kakuk, Sandor"]
[Black "Berebora, Ferenc"]
[Result "1/2-1/2"]
[WhiteElo "2077"]
[BlackElo "2415"]
[PlyCount "30"]
[EventDate "2021.10.10"]
[EventType "team-tourn"]
[EventRounds "9"]
[EventCountry "HUN"]
[SourceTitle "EXT 2025"]
[Source "ChessBase"]
[SourceDate "2024.10.14"]
[SourceVersion "1"]
[SourceVersionDate "2024.10.14"]
[SourceQuality "1"]
[WhiteTeam "Oroshaza SE"]
[BlackTeam "Kisujszallas"]
[WhiteTeamCountry "HUN"]
[BlackTeamCountry "HUN"]

1. d4 Nf6 2. Nc3 d5 3. Bf4 c6 4. Nf3 g6 5. Qd2 Ne4 6. Nxe4 dxe4 7. Ng5 Bg7 8. Nxe4 Qxd4 9. Qxd4 Bxd4 10. 0-0-0 Bg7 11. e3 Bf5 12. Bd3 Nd7 13. f3 Bxe4 14. Bxe4 Nc5 15. Bd3 e5 1/2-1/2

[Event "HUN-chT2 Toth 2122"]
[Site "Hungary"]
[Date "2021.10.10"]
[Round "1.1"]
[White "Berebora, Ferenc"]
[Black "Keresztes, Richard"]
[Result "1-0"]
[WhiteElo "2415"]
[BlackElo "2264"]
[PlyCount "107"]
[EventDate "2021.10.10"]
[EventType "team-tourn"]
[EventRounds "9"]
[EventCountry "HUN"]
[SourceTitle "EXT 2025"]
[Source "ChessBase"]
[SourceDate "2024.10.14"]
[SourceVersion "1"]
[SourceVersionDate "2024.10.14"]
[SourceQuality "1"]
[WhiteTeam "Kisujszallas"]
[BlackTeam "Kecskemet Takisz"]
[WhiteTeamCountry "HUN"]
[BlackTeamCountry "HUN"]

1. c4 Nf6 2. Nc3 e5 3. Nf3 Nc6 4. a3 b6 5. e3 Be7 6. b4 d6 7. Be2 0-0 8. Qc2 a5 9. b5 Nb8 10. 0-0 Bb7 11. d3 Nbd7 12. Bb2 Re8 13. Rfe1 Ra7 14. Rac1 Qa8 15. e4 Nc5 16. Nd5 Nxd5 17. exd5 Bf6 18. d4 exd4 19. Nxd4 Qd8 20. Bg4 Ra8 21. f4 Bxd4+ 22. Bxd4 Qh4 23. Rxe8+ Rxe8 24. Qd1 Bc8 25. Bxc8 Rxc8 26. g3 Qh3 27. Bxc5 dxc5 28. Qe2 h5 29. Re1 Qf5 30. Kg2 g6 31. h3 Qf6 32. Qe5 Kg7 33. Kf3 Qxe5 34. fxe5 Re8 35. Kf4 Kf8 36. Rd1 Rd8 37. Kg5 Kg7 38. Re1 Re8 39. Re3 Re7 40. Re4 Re8 41. Kf4 Kf8 42. Re2 f6 43. g4 hxg4 44. hxg4 a4 45. e6 Kg7 46. Rh2 Rf8 47. Rh1 Re8 48. Rd1 Rd8 49. Rd3 Kf8 50. g5 Kg7 51. gxf6+ Kxf6 52. Ke4 Rg8 53. Rf3+ Kg5 54. Rf7 1-0

[Event "HUN-chT2 Maroczy 1819"]
[Site "Hungary"]
[Date "2019.04.28"]
[Round "11.1"]
[White "Berebora, Ferenc"]
[Black "Papp Zoltan, Csaba"]
[Result "1-0"]
[WhiteElo "2439"]
[BlackElo "2194"]
[PlyCount "53"]
[EventDate "2018.09.23"]
[EventType "team-tourn"]
[EventRounds "11"]
[EventCountry "HUN"]
[SourceTitle "EXT 2021"]
[Source "ChessBase"]
[SourceDate "2020.10.23"]
[SourceVersion "1"]
[SourceVersionDate "2020.10.23"]
[SourceQuality "1"]
[WhiteTeam "Kisujszallas"]
[BlackTeam "Szeged Maroczy II"]
[WhiteTeamCountry "HUN"]
[BlackTeamCountry "HUN"]

1. d4 d6 2. Nf3 g6 3. c4 Bg7 4. g3 c6 5. Bg2 Qc7 6. 0-0 e5 7. Nc3 Nf6 8. e4 0-0 9. h3 a6 10. Be3 Re8 11. d5 c5 12. a3 b5 13. Nd2 b4 14. axb4 cxb4 15. Nb5 Qd7 16. Qa4 Bb7 17. Na7 Qc7 18. Qxb4 Nbd7 19. Qa5 Qb8 20. Nc6 Bxc6 21. dxc6 Nc5 22. b4 Ne6 23. b5 axb5 24. Qxa8 Qxa8 25. Rxa8 Rxa8 26. cxb5 Nd8 27. Rc1 1-0

[Event "HUN-chT2 Maroczy 1718"]
[Site "Hungary"]
[Date "2018.05.06"]
[Round "9.1"]
[White "Ilincic, Zlatko"]
[Black "Berebora, Ferenc"]
[Result "1/2-1/2"]
[WhiteElo "2447"]
[BlackElo "2446"]
[PlyCount "56"]
[EventDate "2017.10.29"]
[EventType "team-tourn"]
[EventRounds "9"]
[EventCountry "HUN"]
[SourceTitle "EXT 2021"]
[Source "ChessBase"]
[SourceDate "2020.10.23"]
[SourceVersion "1"]
[SourceVersionDate "2020.10.23"]
[SourceQuality "1"]
[WhiteTeam "Toth Laszlo"]
[BlackTeam "Kisujszallas"]
[WhiteTeamCountry "HUN"]
[BlackTeamCountry "HUN"]

1. d4 d5 2. g3 Nf6 3. Nf3 g6 4. Bg2 Bg7 5. 0-0 0-0 6. c4 Nc6 7. cxd5 Nxd5 8. e4 Nb6 9. d5 Na5 10. Qc2 c6 11. Bd2 Nac4 12. Bc3 cxd5 13. Bxg7 Kxg7 14. Rd1 e6 15. b3 Nd6 16. Qb2+ f6 17. Nc3 dxe4 18. Nxe4 Nd5 19. Nd4 Nxe4 20. Bxe4 Bd7 21. Rd2 Qb6 22. Nxe6+ Bxe6 23. Bxd5 Bxd5 24. Rxd5 Rad8 25. Rad1 Rxd5 26. Rxd5 Rd8 27. Qd2 Rxd5 28. Qxd5 Qc7 1/2-1/2

[Event "HUN-chT2 Maroczy 1718"]
[Site "Hungary"]
[Date "2018.01.28"]
[Round "5.1"]
[White "Nemeth, Zoltan"]
[Black "Berebora, Ferenc"]
[Result "0-1"]
[WhiteElo "2208"]
[BlackElo "2446"]
[PlyCount "112"]
[EventDate "2017.10.29"]
[EventType "team-tourn"]
[EventRounds "9"]
[EventCountry "HUN"]
[SourceTitle "EXT 2021"]
[Source "ChessBase"]
[SourceDate "2020.10.23"]
[SourceVersion "1"]
[SourceVersionDate "2020.10.23"]
[SourceQuality "1"]
[WhiteTeam "Taban Spartacus"]
[BlackTeam "Kisujszallas"]
[WhiteTeamCountry "HUN"]
[BlackTeamCountry "HUN"]

1. d4 Nf6 2. c4 e6 3. g3 d5 4. Bg2 Bb4+ 5. Bd2 Be7 6. Nf3 0-0 7. 0-0 c6 8. Qb3 Nbd7 9. Nc3 b6 10. Rfe1 Bb7 11. Rad1 Ba6 12. cxd5 cxd5 13. Bg5 Bb7 14. Ne5 Nxe5 15. dxe5 Ng4 16. Bxe7 Qxe7 17. e4 Qc5 18. Rd2 d4 19. Nb5 Rad8 20. Nxa7 Qa5 21. Red1 Qxa7 22. Rxd4 Rxd4 23. Rxd4 b5 24. Rd2 Qc5 25. h3 Nxe5 26. Kh2 Qc4 27. Qe3 Qxa2 28. Qc5 Nc4 29. Rd7 Qa8 30. b3 Na5 31. Qe7 h6 32. h4 Nc6 33. Qc5 Nb8 34. Rd4 Bc6 35. b4 Nd7 36. Qc2 Nb6 37. Qc5 Nc4 38. f3 e5 39. Rd3 Qb7 40. Bf1 Qb6 41. Qxb6 Nxb6 42. Rd6 Rc8 43. Bxb5 Bxb5 44. Rxb6 Rc2+ 45. Kg1 Be2 46. Kf2 Bd1+ 47. Ke3 Re2+ 48. Kd3 Rg2 49. Rb8+ Kh7 50. b5 Bxf3 51. b6 Rb2 52. Kc4 Bxe4 53. Kc5 f6 54. Re8 h5 55. Re7 Kg6 56. Rd7 Rb3 0-1

[Event "Oberliga Nord O 1617"]
[Site "Germany"]
[Date "2016.11.20"]
[Round "2.2"]
[White "Berebora, Ferenc"]
[Black "Hansch, Karsten"]
[Result "1/2-1/2"]
[WhiteElo "2434"]
[BlackElo "2219"]
[PlyCount "116"]
[EventDate "2016.10.16"]
[EventType "team-tourn"]
[EventRounds "9"]
[EventCountry "GER"]
[SourceTitle "EXT 2018"]
[Source "ChessBase"]
[SourceDate "2017.10.13"]
[SourceVersion "1"]
[SourceVersionDate "2017.10.13"]
[SourceQuality "1"]
[WhiteTeam "Neuruppin"]
[BlackTeam "Potsdam Empor"]
[WhiteTeamCountry "GER"]
[BlackTeamCountry "GER"]

1. Nf3 Nf6 2. c4 g6 3. g3 Bg7 4. Bg2 0-0 5. d4 d6 6. Nc3 Nc6 7. 0-0 a6 8. Bg5 Rb8 9. Rc1 h6 10. Bd2 Nd7 11. d5 Nce5 12. Nxe5 Nxe5 13. b3 Kh7 14. f4 Ng4 15. e3 Bd7 16. h3 Nf6 17. e4 e6 18. Kh2 Ng8 19. Be3 Qe7 20. dxe6 fxe6 21. Bd4 Bc6 22. Bxg7 Qxg7 23. Qd3 Ne7 24. Ne2 e5 25. Nc3 exf4 26. gxf4 Rf7 27. Rc2 Rbf8 28. Rcf2 b6 29. Ne2 Bd7 30. Qc3 Qxc3 31. Nxc3 b5 32. Nd5 bxc4 33. bxc4 Nxd5 34. cxd5 Bb5 35. Rc1 Re7 36. Kg3 Kg7 37. h4 Rff7 38. Rc3 Kf8 39. a3 Re8 40. Rfc2 Ree7 41. Ra2 Ba4 42. Rb2 Kg7 43. Rb4 Be8 44. Bh3 a5 45. Rd4 Rf6 46. Rdc4 Kf8 47. Be6 c6 48. e5 dxe5 49. fxe5 Rf1 50. Rf4+ Rxf4 51. Kxf4 cxd5 52. Bxd5 Ra7 53. e6 Ke7 54. Ke5 a4 55. Rc5 g5 56. hxg5 hxg5 57. Bf3 Bg6 58. Bg4 Bb1 1/2-1/2

[Event "HUN-chT2 Maroczy 1516"]
[Site "Hungary"]
[Date "2016.04.03"]
[Round "8.1"]
[White "Kopasz, Robert"]
[Black "Berebora, Ferenc"]
[Result "0-1"]
[WhiteElo "2295"]
[BlackElo "2428"]
[PlyCount "74"]
[EventDate "2015.10.18"]
[EventType "team-tourn"]
[EventRounds "9"]
[EventCountry "HUN"]
[SourceTitle "EXT 2017"]
[Source "ChessBase"]
[SourceDate "2016.10.25"]
[SourceVersion "1"]
[SourceVersionDate "2016.10.25"]
[SourceQuality "1"]
[WhiteTeam "Maroczy"]
[BlackTeam "Kisujszallas"]
[WhiteTeamCountry "HUN"]
[BlackTeamCountry "HUN"]

1. d4 Nf6 2. Nf3 g6 3. g3 d5 4. Bg2 Bg7 5. c4 dxc4 6. Nc3 0-0 7. 0-0 c6 8. Ne5 Ng4 9. f4 Nxe5 10. dxe5 Qxd1 11. Rxd1 Na6 12. Be3 f6 13. exf6 exf6 14. Rd6 Re8 15. Bf2 Be6 16. Rad1 f5 17. R1d2 Bf8 18. Rxe6 Rxe6 19. Rd4 Bc5 20. Rxc4 Bxf2+ 21. Kxf2 Rd8 22. b4 Nc7 23. a4 a6 24. Rc5 Rd2 25. Bf3 Rb2 26. Rc4 Kf7 27. g4 Rd6 28. gxf5 gxf5 29. Rc5 Rf6 30. Rc4 Ke7 31. a5 Ne6 32. Ke3 Rh6 33. Kd3 Rxh2 34. Nd1 Rb3+ 35. Nc3 Ra3 36. Kc2 Ra1 37. Nb1 Ra2+ 0-1

[Event "HUN-chT2 Maroczy 1516"]
[Site "Hungary"]
[Date "2016.02.28"]
[Round "6.1"]
[White "Berebora, Ferenc"]
[Black "Hera, Imre Jr"]
[Result "0-1"]
[WhiteElo "2434"]
[BlackElo "2605"]
[PlyCount "72"]
[EventDate "2015.10.18"]
[EventType "team-tourn"]
[EventRounds "9"]
[EventCountry "HUN"]
[SourceTitle "EXT 2017"]
[Source "ChessBase"]
[SourceDate "2016.10.25"]
[SourceVersion "1"]
[SourceVersionDate "2016.10.25"]
[SourceQuality "1"]
[WhiteTeam "Kisujszallas"]
[BlackTeam "DVTK EMSE"]
[WhiteTeamCountry "HUN"]
[BlackTeamCountry "HUN"]

1. Nf3 d5 2. c4 e6 3. g3 Nf6 4. Bg2 d4 5. 0-0 c5 6. e3 Nc6 7. exd4 cxd4 8. d3 Be7 9. Na3 0-0 10. Nc2 a5 11. Re1 Re8 12. b3 Bf8 13. Bg5 h6 14. Bxf6 Qxf6 15. a3 e5 16. Nfxd4 Nxd4 17. Nxd4 Bc5 18. Nf3 Bg4 19. Qe2 Rad8 20. Red1 Qf5 21. b4 axb4 22. axb4 Bxb4 23. Rab1 Bc5 24. Qe4 Qxe4 25. dxe4 Rxd1+ 26. Rxd1 f6 27. h3 Be6 28. Bf1 Ra8 29. Ne1 Ra2 30. Nd3 Bd4 31. Rc1 f5 32. exf5 Bxf5 33. g4 Bh7 34. c5 Rd2 35. Ne1 Rxf2 36. Rc4 Rd2+ 0-1

[Event "HUN-chT2 Maroczy 1516"]
[Site "Hungary"]
[Date "2015.12.06"]
[Round "4.1"]
[White "Berebora, Ferenc"]
[Black "Meszaros, Andras"]
[Result "1-0"]
[WhiteElo "2437"]
[BlackElo "2257"]
[PlyCount "53"]
[EventDate "2015.10.18"]
[EventType "team-tourn"]
[EventRounds "9"]
[EventCountry "HUN"]
[SourceTitle "CBM 170 Extra"]
[Source "ChessBase"]
[SourceDate "2016.02.25"]
[SourceVersion "1"]
[SourceVersionDate "2016.02.25"]
[SourceQuality "1"]
[WhiteTeam "Kisujszallas"]
[BlackTeam "Magyar Sakkvilag"]
[WhiteTeamCountry "HUN"]
[BlackTeamCountry "HUN"]

1. Nf3 g6 2. d4 Nf6 3. c4 c5 4. Nc3 cxd4 5. Nxd4 Nc6 6. e4 Nxd4 7. Qxd4 d6 8. Be2 Bg7 9. Be3 0-0 10. Qd2 Be6 11. Rc1 Qa5 12. f3 Rfc8 13. b3 a6 14. Na4 Qxd2+ 15. Kxd2 Nd7 16. Rc2 f5 17. exf5 Bxf5 18. Rcc1 Rc6 19. g4 Be6 20. f4 Rf8 21. Bf3 Rc7 22. Nc3 Ne5 23. Bd5 Bxd5 24. Nxd5 Nxg4 25. Nxc7 Nxe3 26. Kxe3 e6 27. Kd3 1-0

[Event "HUN-chT2 Maroczy 1516"]
[Site "Hungary"]
[Date "2015.11.08"]
[Round "2.1"]
[White "Berebora, Ferenc"]
[Black "Szalanczy, Emil"]
[Result "1/2-1/2"]
[WhiteElo "2435"]
[BlackElo "2276"]
[PlyCount "83"]
[EventDate "2015.10.18"]
[EventType "team-tourn"]
[EventRounds "9"]
[EventCountry "HUN"]
[SourceTitle "CBM 170 Extra"]
[Source "ChessBase"]
[SourceDate "2016.02.25"]
[SourceVersion "1"]
[SourceVersionDate "2016.02.25"]
[SourceQuality "1"]
[WhiteTeam "Kisujszallas"]
[BlackTeam "Szigetszentmiklos"]
[WhiteTeamCountry "HUN"]
[BlackTeamCountry "HUN"]

1. Nf3 c5 2. c4 Nf6 3. Nc3 Nc6 4. d4 cxd4 5. Nxd4 e6 6. a3 Bc5 7. Nb3 Be7 8. e4 b6 9. Be2 Bb7 10. Be3 d6 11. 0-0 0-0 12. Nd2 a6 13. b4 Ne5 14. f3 Rc8 15. Rc1 Ned7 16. Qe1 Ne8 17. Nb3 Bh4 18. Qd2 Be7 19. Bf4 Ne5 20. Bxe5 dxe5 21. Qxd8 Rxd8 22. Rcd1 Nc7 23. Rxd8 Rxd8 24. Rd1 Rxd1+ 25. Bxd1 Bc6 26. Kf2 Kf8 27. Ke3 Ke8 28. Bc2 Kd7 29. Ke2 Kc8 30. Nc1 f6 31. Nd3 Bd7 32. Na4 Kb7 33. Kd2 Bc6 34. Nc3 Bd7 35. Ba4 Bc8 36. c5 bxc5 37. Nxc5+ Bxc5 38. bxc5 a5 39. Kd3 Kb8 40. Bb3 Kb7 41. Ba4 Kb8 42. Bb3 1/2-1/2

[Event "Oberliga Nord O 1415"]
[Site "Germany"]
[Date "2014.09.21"]
[Round "1.2"]
[White "Schulz, Michael"]
[Black "Berebora, Ferenc"]
[Result "0-1"]
[WhiteElo "2215"]
[BlackElo "2434"]
[PlyCount "100"]
[EventDate "2014.09.21"]
[EventType "team-tourn"]
[EventRounds "9"]
[EventCountry "GER"]
[SourceTitle "EXT 2016"]
[Source "ChessBase"]
[SourceDate "2015.10.08"]
[SourceVersion "1"]
[SourceVersionDate "2015.10.08"]
[SourceQuality "1"]
[WhiteTeam "Potsdam Empor"]
[BlackTeam "Neuruppin"]
[WhiteTeamCountry "GER"]
[BlackTeamCountry "GER"]

1. d4 e6 2. e4 c5 3. d5 exd5 4. exd5 d6 5. Nc3 Be7 6. Nf3 Nf6 7. Be2 0-0 8. 0-0 Na6 9. a4 Nc7 10. Ng5 b6 11. Bf3 Bb7 12. Bf4 a6 13. Re1 Re8 14. Rb1 b5 15. axb5 axb5 16. b4 c4 17. h4 h6 18. Nh3 Bc8 19. Kh2 Qd7 20. Bg3 Bf8 21. Rxe8 Qxe8 22. Qd4 Bf5 23. Qb6 Qb8 24. Qxb8 Rxb8 25. Rb2 Ra8 26. Ng1 g5 27. hxg5 hxg5 28. Nge2 g4 29. Nd4 Bd7 30. Bd1 Ra3 31. Nb1 Ra1 32. c3 Ncxd5 33. Nc2 Ra6 34. f3 Bg7 35. Nd4 Ne3 36. Be2 gxf3 37. gxf3 Nfd5 38. Be1 Nf5 39. Nc2 Nf4 40. Bf1 d5 41. Bf2 Be5 42. Kg1 Rg6+ 43. Kh1 Nh5 44. Bg2 Nfg3+ 45. Bxg3 Nxg3+ 46. Kg1 Ne2+ 47. Kf1 Nxc3 48. Ne3 d4 49. Nxc3 dxe3 50. Rc2 Bxc3 0-1

[Event "HUN-chT2 Maroczy 1314"]
[Site "Hungary"]
[Date "2014.03.02"]
[Round "8"]
[White "Papp, Gellert"]
[Black "Berebora, Ferenc"]
[Result "0-1"]
[WhiteElo "2331"]
[BlackElo "2428"]
[PlyCount "100"]
[EventDate "2013.09.08"]
[EventType "team-tourn"]
[EventRounds "11"]
[EventCountry "HUN"]
[SourceTitle "EXT 2016"]
[Source "ChessBase"]
[SourceDate "2015.10.08"]
[SourceVersion "1"]
[SourceVersionDate "2015.10.08"]
[SourceQuality "1"]
[WhiteTeam "Lila Futo"]
[BlackTeam "Kisujszallas"]
[WhiteTeamCountry "HUN"]
[BlackTeamCountry "HUN"]

1. c4 g6 2. Nc3 c5 3. g3 Bg7 4. Bg2 Nc6 5. Nf3 e6 6. 0-0 Nge7 7. a3 0-0 8. b4 Nxb4 9. axb4 cxb4 10. d4 bxc3 11. Ba3 Re8 12. Qd3 d5 13. Rfc1 Nc6 14. Rxc3 dxc4 15. Rxc4 Bd7 16. Bd6 a6 17. Ne5 Rc8 18. Rac1 Nxe5 19. dxe5 Rxc4 20. Qxc4 Bb5 21. Qc7 Qxc7 22. Rxc7 Bf8 23. Rxb7 Bxd6 24. exd6 Rd8 25. Rb6 Bxe2 26. Be4 Kg7 27. f4 Kf6 28. Kf2 Bb5 29. Ke3 e5 30. Bd5 exf4+ 31. gxf4 h6 32. h4 Rd7 33. Kd4 Kf5 34. Kc5 Kxf4 35. Bc6 Rd8 36. Bxb5 axb5 37. Rxb5 Ke5 38. Rb7 Rxd6 39. Re7+ Re6 40. Rxf7 Rf6 41. Re7+ Kf4 42. Re1 Kg3 43. Rh1 Kg2 44. Ra1 h5 45. Kd5 Kg3 46. Rh1 Rf2 47. Ke5 Rf5+ 48. Ke4 Rf4+ 49. Ke3 Rg4 50. Ke2 Kg2 0-1

[Event "Oberliga Nord O 1314"]
[Site "Germany"]
[Date "2014.01.19"]
[Round "5.2"]
[White "Teske, Henrik"]
[Black "Berebora, Ferenc"]
[Result "0-1"]
[WhiteElo "2538"]
[BlackElo "2426"]
[PlyCount "112"]
[EventDate "2013.10.13"]
[EventType "team-tourn"]
[EventRounds "9"]
[EventCountry "GER"]
[SourceTitle "EXT 2015"]
[Source "ChessBase"]
[SourceDate "2014.11.20"]
[SourceVersion "1"]
[SourceVersionDate "2014.11.20"]
[SourceQuality "1"]
[WhiteTeam "Ruedersdorf"]
[BlackTeam "Neuruppin"]
[WhiteTeamCountry "GER"]
[BlackTeamCountry "GER"]

1. Nf3 Nf6 2. c4 g6 3. Nc3 Bg7 4. d4 d5 5. Bf4 0-0 6. e3 c5 7. dxc5 Qa5 8. Rc1 Nbd7 9. cxd5 Ne4 10. Bc4 Nxc3 11. bxc3 Bxc3+ 12. Ke2 Nxc5 13. Be5 Ne4 14. Qc2 Bxe5 15. Nxe5 Nd6 16. Rhd1 Bf5 17. Qb3 f6 18. Nf3 Bd7 19. Rd4 Rfc8 20. Rb1 Rxc4 21. Rxc4 Bb5 22. Nd2 Qa6 23. Kd3 Bxc4+ 24. Nxc4 Rc8 25. Rc1 b5 26. Nxd6 Rxc1 27. Nxb5 Kg7 28. Ke4 Qb7 29. Nd4 Qxb3 30. axb3 Rb1 31. Nc6 Rxb3 32. Nxa7 Rb2 33. Kf3 f5 34. Nc6 Kf6 35. h3 Rb5 36. d6 exd6 37. g4 Rb2 38. Nd4 Ra2 39. gxf5 gxf5 40. Ne2 Ke5 41. Nf4 Rd2 42. Ne2 d5 43. h4 Rc2 44. Nf4 Rc4 45. Nd3+ Kd6 46. h5 Ra4 47. Nf4 Ke5 48. Nd3+ Kf6 49. Nf4 d4 50. Kg3 dxe3 51. fxe3 Kg5 52. Kf3 Rxf4+ 53. exf4+ Kh4 54. h6 Kh3 55. Kf2 Kg4 56. Ke3 Kg3 0-1